| 000 | 00709nam a22002535a 4500 | ||
|---|---|---|---|
| 001 | 002630 | ||
| 003 | armpunfd | ||
| 005 | 20140612090711.0 | ||
| 008 | 121226s2005####ag############000#0#und#d | ||
| 020 | _a9870306020 | ||
| 040 |
_aarmpunfd _carmpunfd |
||
| 080 | _a351.72 Sa 14 | ||
| 100 | 1 | _aSaccone, Mario Augusto. | |
| 245 | 1 | 0 | _aManual de derecho tributario. |
| 260 |
_aBuenos Aires : _bLa Ley, _c2005. |
||
| 300 | _a448 p. | ||
| 650 | 7 |
_aDerecho Procesal tributario _2LEMB |
|
| 650 | 7 |
_aDerecho Tributario _2LEMB |
|
| 650 | 7 |
_aHecho imponible _2LEMB |
|
| 650 | 7 |
_aRegimen tributario aduanero _2LEMB |
|
| 650 | 7 |
_aTribunal Fiscal de la Nacion _2LEMB |
|
| 942 |
_cLB _2cdu |
||
| 945 |
_asa _d2012-12-26 |
||
| 999 |
_c2519 _d233023 |
||